Responses for Show #4456 - Monday, January 12, 2004

Tom Walsh game 6.
Tom sets a new regular play cash winnings record of $152,900.

Contestants

[<< previous game]

Snowden Becker, a film archivist originally from Shelton, Washington

Ron Blood, a window artist from Maui, Hawaii

Tom Walsh, a writer from Washington, D.C. (whose 5-day cash winnings total $118,100)

[next game >>]

Jeopardy! Round responses

WORLD GEOGRAPHY
MOVIE LOCATIONS
SIMPLY SIMON
PRESIDENTS' WIVES
TOYS & GAMES
LETTER & LETTER
(Alex: Each correct response will consist of 1 letter & another letter; for instance, "A&P".)
    $200 11
(Ron: What is Finland?)

Norway

TomRon
    $200 21
Amity

Tom
    $200 26
Neil Simon

Snowden
    $200 6
(Snowden: Who is Martha Coolidge?)

Martha Washington

RonSnowden
    $200 16
Clue

Snowden
    $200 1
A&E

Tom
    $400 12
Naples

Tom
    $400 22
Chicago

Tom
    $400 27
Simon Legree

Tom
    $400 7
Andrew Jackson

Tom
    $400 17
G.I. Joe

Snowden
    $400 2
(Tom: What is M.O.?)

B&E (breaking & entering)

TomSnowden
    $600 13
Gibraltar

Tom
    $600 23
The Spy Who Came in from the Cold

Ron
    $600 28
Simon Wiesenthal

Snowden
    $600 8
Bess Truman

Tom
    $600 18
(Snowden: You sunk mine!)

Battleship

Snowden
    $600 3
C&H

Snowden
    $1,200 14
the Black Sea

Tom
    $800 24
(Alex: With a minute to go.)

Ghostbusters

Tom
    $800 29
Simon Bolivar

Tom
    $800 9
Betty Ford

Tom
    $800 19
Matchbox

Snowden
    $800 4
S&L

Snowden
    $1000 15
Belize

Ron
    $1000 25
The Thing

Snowden
    $1000 30
(Ron: Who is J. Paul Getty?)

Norton Simon

TomRon
    $1000 10
Woodrow Wilson

Ron
    $1000 20
Dora the Explorer

Tom
    $1000 5
R&D

Snowden

Scores at the first commercial break (after clue 15):

Tom Ron Snowden
$4,000 $2,000 $2,600

Scores at the end of the Jeopardy! Round:

Tom Ron Snowden
$8,600 $1,600 $6,400

Double Jeopardy! Round responses

GENESIS
IN THE BIG INNING
GOD
CREATED
THE HEAVENS
THE "EARTH"
    $400 23
Gerber

Tom
    $400 21
grand slams

Ron
    $400 16
the Sermon on the Mount

Tom
    $400 11
casting

Snowden
    $400 6
(Alex: Our own.)

the Milky Way

Ron
    $400 1
earthquakes

Ron
    $800 24
Cobb salad

Snowden
    $800 22
(Tom: Who is DiMaggio?)
(Alex: Be more specific.)
(Tom: [*].)
(Alex: He had a brother, you know.)

Joe DiMaggio

Tom
    $2,500 17
Jonah

Tom
    $800 12
rubbing

Snowden
    $800 7
an eclipse

Snowden
    $800 2
Earth Day

Ron
    $1200 25
(Alex: With a minute to go.)

concrete

Snowden
    $1200 28
Hank Aaron

Tom
    $1200 18
(Snowden: Who is Moses?)

Daniel

Snowden
Triple Stumper
    $1200 13
embossing/tooling

Ron
    $5,000 8
the sun

Snowden
    $1200 3
earthenware

Ron
    $1600 26
the Academy

Snowden
    $1600 29
Rickey Henderson

Tom
    $1600 19
the Almighty

Triple Stumper
    $1600 14
(Ron: What is a window?)

keyhole

RonSnowden
    $1600 9
comets

Ron
    $1600 4
EarthLink

Tom
    $2000 27
(Snowden: Lister, sorry...who is Lister?)

Edward Jenner

Snowden
Triple Stumper
    $2000 30
(Tom: Who are the poor [*]?)
(Alex: Well don't say poor; they're going to be here next year, you'll see!)

the Boston Red Sox

Tom
    $2000 20
Saul

Triple Stumper
    $2000 15
bezel

Snowden
    $2000 10
(Tom: What is its spot?)
(Alex: More specific.)
(Tom: What is its red spot?)

the Great Red Spot

Tom
    $2000 5
Earth in the Balance

Tom

Scores at the end of the Double Jeopardy! Round:

Tom Ron Snowden
$23,100 $6,000 $17,400

[wagering suggestions for these scores]

Final Jeopardy! Round responses

AMERICAN WRITERS
(Alex: It led to his big novel The Grapes of Wrath.)
...
(Alex: And Tom, you are a 6-day champ with now $152,900. That's a record!)
RonWho was John Steinbeck?
$5,700
SnowdenWho is John Steinbeck?
$15,000
TomWho is Steinbeck?
$11,700
John Steinbeck

Final scores:

Tom Ron Snowden
$34,800 $11,700 $32,400
6-day champion: $152,900 3rd place: $1,000 2nd place: $2,000

Game dynamics:

Coryat scores:

Tom Ron Snowden
$21,000 $6,000 $13,600
25 R
(including 2 DDs),
1 W
11 R,
3 W
20 R
(including 1 DD),
3 W

Combined Coryat: $40,600

[game clues] [game scores] [suggest correction]

Game tape date: 2003-11-12
The J! Archive is created by fans, for fans. Scraping, republication, monetization, and malicious use prohibited; this site may use cookies and collect identifying information. See terms. The Jeopardy! game show and all elements thereof, including but not limited to copyright and trademark thereto, are the property of Jeopardy Productions, Inc. and are protected under law. This website is not affiliated with, sponsored by, or operated by Jeopardy Productions, Inc. Join the discussion at JBoard.tv.